[Event "III Trofeo Giovanni Pico"]
[Site "Mirandola ITA"]
[Date "2010.01.16"]
[Round "4"]
[White "De Simone Sorrentino, Fabio"]
[Black "Negro, Raffaele"]
[Result "1/2-1/2"]
[WhiteElo "1714"]
[BlackElo "1854"]
[PlyCount "99"]
[EventDate "2010.01.15"]

1. e4 b6 2. d4 Bb7 3. Nc3 e6 4. Nf3 d6 5. Bd3 Nd7 6. O-O g6 7. Bg5 Ne7 8. Re1
Bg7 9. Bf4 h6 10. e5 Bxf3 11. Qxf3 d5 12. Nb5 a6 13. Nc3 c5 14. Be3 cxd4 15.
Bxd4 Nc6 16. Qf4 Qc7 17. Qe3 Nxd4 18. Qxd4 Bxe5 19. Qb4 Bxh2+ 20. Kh1 Qd6 21.
Qxd6 Bxd6 22. Nxd5 O-O 23. Nc3 Bb4 24. Be4 Rac8 25. Re3 Bxc3 26. bxc3 Rc7 27.
Rb1 Rfc8 28. Rb3 b5 29. Ra3 Nc5 30. Bf3 Na4 31. g3 Kf8 32. Kg2 Ke7 33. Bd5 Rxc3
34. Bb7 Rxe3 35. Rxe3 Rxc2 36. Bxa6 Rc3 37. Bxb5 Rxe3 38. fxe3 Nc3 39. Bc4 Kd6
40. Kf3 Ke5 41. Bb3 h5 42. a4 g5 43. a5 Nb5 44. Bc4 Na7 45. a6 f5 46. Bb3 Kf6
47. e4 h4 48. gxh4 gxh4 49. exf5 Kxf5 50. Bxe6+ 1/2-1/2

[Event "III Trofeo Giovanni Pico"]
[Site "Mirandola ITA"]
[Date "2010.01.16"]
[Round "4"]
[White "Di Trapani, Davide"]
[Black "Soppelsa, Maurizio"]
[Result "1-0"]
[WhiteElo "1905"]
[BlackElo "1622"]
[PlyCount "61"]
[EventDate "2010.01.15"]

1. e4 c6 2. d4 d5 3. exd5 cxd5 4. Bd3 Nf6 5. c3 Bg4 6. Qb3 Qc7 7. Bg5 Nbd7 8.
Nd2 e5 9. dxe5 Qxe5+ 10. Be3 Qc7 11. Ngf3 Bd6 12. O-O O-O 13. h3 Be6 14. Nd4
Nc5 15. Qc2 Nxd3 16. Qxd3 Bd7 17. Bg5 Be7 18. Rae1 Rfe8 19. N2f3 Ne4 20. Bxe7
Rxe7 21. Nh4 Rae8 22. Nhf5 Bxf5 23. Nxf5 Re5 24. Ne3 Nf6 25. Qd4 a6 26. Rd1 Re4
27. Nxd5 Rxd4 28. Nxc7 Rxd1 29. Rxd1 Rc8 30. Nd5 h6 31. Ne7+ 1-0

[Event "III Trofeo Giovanni Pico"]
[Site "Mirandola ITA"]
[Date "2010.01.16"]
[Round "4"]
[White "Dionigi, Riccardo"]
[Black "Carletti, Davide M."]
[Result "1-0"]
[WhiteElo "1839"]
[BlackElo "1515"]
[PlyCount "105"]
[EventDate "2010.01.15"]

1. d4 d5 2. c4 c6 3. Nc3 Nf6 4. Nf3 e6 5. Bg5 Nbd7 6. e3 Bb4 7. cxd5 cxd5 8.
Bxf6 Nxf6 9. Qa4+ Nd7 10. Qxb4 a5 11. Qb3 O-O 12. Bd3 f5 13. Qc2 b6 14. O-O Bb7
15. Rac1 Qe7 16. Qe2 e5 17. dxe5 Nxe5 18. Nxe5 Qxe5 19. Rfd1 Rf6 20. Nb5 Rh6
21. h3 Rg6 22. Nd4 Rf6 23. f4 Qe8 24. Bxf5 Qf7 25. Qg4 h5 26. Qg5 Rf8 27. Bb1
Re8 28. f5 Bc8 29. Bd3 Rf8 30. Rf1 b5 31. Rf4 h4 32. Rcf1 Re8 33. Rxh4 Re5 34.
Qh5 Qxh5 35. Rxh5 Rxe3 36. Bxb5 Re4 37. Ne6 Bxe6 38. fxe6 d4 39. Rxf6 gxf6 40.
Bc4 Kf8 41. Rf5 Ke7 42. Rd5 d3 43. Bxd3 Rxe6 44. Rxa5 Rd6 45. Be4 Rd1+ 46. Kh2
Re1 47. Bf3 Rb1 48. b3 Rb2 49. a4 Rd2 50. Kg3 Rd8 51. h4 Rh8 52. Kf4 f5 53.
Kxf5 1-0

[Event "III Trofeo Giovanni Pico"]
[Site "Mirandola ITA"]
[Date "2010.01.16"]
[Round "4"]
[White "Egli, Urs"]
[Black "Guanciale, Orazio"]
[Result "1-0"]
[WhiteElo "2062"]
[BlackElo "2167"]
[PlyCount "71"]
[EventDate "2010.01.15"]

1. e4 e6 2. d3 d5 3. Nd2 Nf6 4. Ngf3 Nc6 5. c3 a5 6. Be2 e5 7. O-O g6 8. b3 b6
9. Qc2 Bg7 10. Ba3 d4 11. cxd4 Nxd4 12. Nxd4 exd4 13. e5 Ng4 14. e6 Ne5 15. f4
Bxe6 16. fxe5 c5 17. Nf3 O-O 18. Rae1 Re8 19. Bc1 Qd7 20. Bf4 a4 21. Ng5 Bd5
22. Bf3 axb3 23. axb3 Ra3 24. Bxd5 Qxd5 25. Rb1 Ra7 26. Nf3 h6 27. Qc4 Qd7 28.
Ra1 Rxa1 29. Rxa1 g5 30. Bg3 g4 31. Nd2 Bxe5 32. Ne4 Kg7 33. Ra6 f5 34. Rxb6
fxe4 35. Qa6 Qf5 36. Rb7+ 1-0

[Event "III Trofeo Giovanni Pico"]
[Site "Mirandola ITA"]
[Date "2010.01.16"]
[Round "4"]
[White "Ferraguti, Francesco"]
[Black "Cartegni, Aldo"]
[Result "1-0"]
[WhiteElo "1658"]
[BlackElo "1413"]
[PlyCount "57"]
[EventDate "2010.01.15"]

1. d4 d5 2. c4 e6 3. Nc3 Bb4 4. Qa4+ Nc6 5. e3 Bd7 6. Qc2 Nf6 7. Bd2 O-O 8. Nf3
b6 9. cxd5 exd5 10. Be2 Re8 11. O-O Bd6 12. a3 a6 13. b4 b5 14. Rfc1 Ne7 15.
Ne1 c6 16. Nd3 Bf5 17. Qb2 Qc7 18. h3 Nc8 19. a4 Nb6 20. Nc5 Nc4 21. Bxc4 bxc4
22. a5 Reb8 23. N3a4 Ne4 24. Nxe4 Bxe4 25. Nc5 Be7 26. Nxe4 dxe4 27. Rxc4 c5
28. dxc5 Bxc5 29. Qc1 1-0

[Event "III Trofeo Giovanni Pico"]
[Site "Mirandola ITA"]
[Date "2010.01.16"]
[Round "4"]
[White "Gaion, Giancarlo"]
[Black "Setti, Massimo"]
[Result "1/2-1/2"]
[WhiteElo "1935"]
[BlackElo "1512"]
[PlyCount "148"]
[EventDate "2010.01.15"]

1. Nf3 g6 2. d4 Bg7 3. e4 d6 4. Bd3 Nf6 5. Bg5 O-O 6. Nbd2 Nbd7 7. c3 c5 8. O-O
a6 9. a4 Re8 10. Qc2 cxd4 11. cxd4 Nf8 12. Rac1 Ne6 13. b4 Nxg5 14. Nxg5 Bd7
15. Qc4 e6 16. Qb3 b5 17. axb5 Bxb5 18. Bxb5 axb5 19. Rc6 d5 20. e5 Nd7 21.
Ngf3 Bf8 22. Qc3 Ra4 23. Rb1 Nb8 24. Rc7 Na6 25. Ra7 Qb6 26. Rd7 Bxb4 27. Rxb4
Nxb4 28. Ng5 Rf8 29. Qh3 h5 30. Qf3 Ra7 31. Rxa7 Qxa7 32. Qf4 Nc6 33. Ngf3 Qa1+
34. Nf1 b4 35. g4 hxg4 36. Qxg4 Kg7 37. Qh4 Rh8 38. Qf6+ Kg8 39. Ng5 Qa7 40.
Nxe6 fxe6 41. Qxe6+ Kh7 42. Qxc6 Rd8 43. Qf6 Qd7 44. e6 Qe8 45. Nd2 Rd6 46. Nf3
Rc6 47. Ng5+ Kg8 48. Nf7 Rxe6 49. Nh6+ Kh7 50. Qh4 Re1+ 51. Kg2 Qe4+ 52. Qxe4
Rxe4 53. Nf7 Rxd4 54. Ng5+ Kg8 55. Nf3 Rf4 56. Nd2 Rf7 57. Nb3 Rd7 58. Nd4 Kf7
59. Kf3 Rc7 60. Ke3 b3 61. Nb5 b2 62. Nxc7 b1=Q 63. Nxd5 Ke6 64. Nf4+ Kf5 65.
Nd3 Qb6+ 66. Ke2 Qd4 67. Ne1 Qe4+ 68. Kd2 Kf4 69. h4 Kg4 70. f3+ Qxf3 71. Nxf3
Kxf3 72. Ke1 Kg3 73. h5 gxh5 74. Kf1 Kh2 1/2-1/2

[Event "III Trofeo Giovanni Pico"]
[Site "Mirandola ITA"]
[Date "2010.01.16"]
[Round "4"]
[White "Guaragno, Michele"]
[Black "Benedetti, Maurizio"]
[Result "1-0"]
[WhiteElo "1978"]
[BlackElo "1863"]
[PlyCount "37"]
[EventDate "2010.01.15"]

1. e4 c5 2. Nf3 d6 3. d4 cxd4 4. Nxd4 Nf6 5. Nc3 Nc6 6. Nb3 e6 7. Bg5 Be7 8. f4
O-O 9. Qf3 Nd7 10. Bxe7 Qxe7 11. O-O-O Nc5 12. g4 Nxb3+ 13. axb3 f5 14. exf5
exf5 15. Bc4+ Kh8 16. g5 Re8 17. Rhe1 Qd8 18. Qd5 Rxe1 19. Rxe1 1-0

[Event "III Trofeo Giovanni Pico"]
[Site "Mirandola ITA"]
[Date "2010.01.16"]
[Round "4"]
[White "La Venia, Stefano"]
[Black "Garofalo, Sergio"]
[Result "1-0"]
[WhiteElo "2056"]
[BlackElo "1807"]
[PlyCount "75"]
[EventDate "2010.01.15"]

1. e4 e5 2. Nf3 Nc6 3. Bc4 Nf6 4. d3 Be7 5. Nc3 d6 6. h3 O-O 7. Be3 a6 8. a3 b5
9. Ba2 Bd7 10. O-O Qc8 11. Kh2 h6 12. Nd5 Be6 13. Rg1 Nh7 14. g4 g5 15. d4 Qd7
16. Nxe7+ Qxe7 17. d5 Nd4 18. Bxd4 exd4 19. dxe6 fxe6 20. Rg3 c5 21. c3 dxc3
22. bxc3 c4 23. Qd4 Rf4 24. Nd2 d5 25. Bb1 Raf8 26. f3 Nf6 27. Qe3 e5 28. Qb6
Rd8 29. exd5 Rxd5 30. Ne4 Rxe4 31. Bxe4 Rd6 32. Qe3 Qd8 33. Rg2 Kg7 34. Qa7+
Kf8 35. Raa2 h5 36. gxh5 Nxe4 37. fxe4 Rd3 38. Raf2+ 1-0

[Event "III Trofeo Giovanni Pico"]
[Site "Mirandola ITA"]
[Date "2010.01.16"]
[Round "4"]
[White "Mantovani, Enrico"]
[Black "Di Trapani, Luigi"]
[Result "1-0"]
[WhiteElo "1806"]
[BlackElo "1525"]
[PlyCount "103"]
[EventDate "2010.01.15"]

1. d4 Nf6 2. c4 g6 3. Nf3 d6 4. g3 Bg7 5. Bg2 O-O 6. O-O Nbd7 7. Bg5 h6 8. Be3
e5 9. Nc3 Re8 10. h3 c6 11. dxe5 dxe5 12. Qd2 Kh7 13. Rfd1 Ng8 14. Ne4 Qc7 15.
Nd6 Re7 16. c5 b6 17. cxb6 axb6 18. Rdc1 Bb7 19. Nh4 Nb8 20. Nxb7 Qxb7 21. Qc2
Re6 22. Qb3 Ra6 23. Be4 Ne7 24. Rd1 Qc7 25. Rac1 c5 26. a3 Nd7 27. Qb5 Nb8 28.
b4 Rxa3 29. bxc5 Rxe3 30. fxe3 f5 31. cxb6 Qxb6 32. Qxb6 Rxb6 33. Bd5 e4 34.
Ng2 h5 35. g4 hxg4 36. hxg4 Nxd5 37. Rxd5 fxg4 38. Rg5 Nd7 39. Nf4 Ne5 40. Rc5
Nf7 41. Rxg4 Bh6 42. Rc7 Rf6 43. Nd5 Rf5 44. Rxe4 Rxd5 45. Rxf7+ Bg7 46. Ree7
Rg5+ 47. Kh2 Rh5+ 48. Kg3 Rg5+ 49. Kf4 Rf5+ 50. Rxf5 gxf5 51. Kxf5 Kh6 52. e4
1-0

[Event "III Trofeo Giovanni Pico"]
[Site "Mirandola ITA"]
[Date "2010.01.16"]
[Round "4"]
[White "Minelli, Giancarlo"]
[Black "Grossi, Enrico"]
[Result "0-1"]
[WhiteElo "1422"]
[BlackElo "1466"]
[PlyCount "70"]
[EventDate "2010.01.15"]

1. e4 d5 2. exd5 Qxd5 3. Nc3 Qa5 4. d4 c6 5. Bd2 Qc7 6. Bc4 Nf6 7. Nf3 Bg4 8.
h3 Bh5 9. g4 Bg6 10. O-O e6 11. Re1 Bd6 12. d5 cxd5 13. Bxd5 O-O 14. Bc4 Qxc4
15. b3 Qc7 16. Nb5 Qe7 17. Bg5 Bc5 18. Bxf6 gxf6 19. Qd2 Nc6 20. c3 Rad8 21.
Qh6 Ne5 22. Nxe5 fxe5 23. Rxe5 Bxf2+ 24. Kxf2 Qf6+ 25. Rf5 exf5 26. Rf1 fxg4+
27. Kg2 Qc6+ 28. Kg3 Qxb5 29. c4 Qd7 30. Rf4 gxh3 31. Rh4 Qd3+ 32. Kg4 Qf5+ 33.
Kg3 Rd3+ 34. Kh2 Qf2+ 35. Kh1 Rd1# 0-1

[Event "III Trofeo Giovanni Pico"]
[Site "Mirandola ITA"]
[Date "2010.01.16"]
[Round "4"]
[White "Modena, Giorgio"]
[Black "Moi, Roberto"]
[Result "1-0"]
[WhiteElo "1979"]
[BlackElo "1945"]
[PlyCount "87"]
[EventDate "2010.01.15"]

1. e4 e5 2. Nf3 Nf6 3. Nxe5 Nxe4 4. d3 Nf6 5. Bg5 Be7 6. Be2 d5 7. Nd2 O-O 8.
O-O Re8 9. d4 Nbd7 10. Nxd7 Bxd7 11. Bd3 Bg4 12. f3 Bh5 13. Re1 Qd6 14. c3 Nd7
15. Bxe7 Rxe7 16. Rxe7 Qxe7 17. Qe1 Qg5 18. Qf2 Re8 19. Nf1 Nf8 20. f4 Qe7 21.
Ng3 Bg4 22. f5 h5 23. Nf1 Qg5 24. Re1 Rxe1 25. Qxe1 Bxf5 26. Qe5 g6 27. Bxf5
Qxf5 28. Qxf5 gxf5 29. Ng3 h4 30. Nxf5 Ng6 31. Kf2 Nf4 32. Kf3 h3 33. g3 Nd3
34. Ne7+ Kg7 35. Nxd5 c6 36. Nf4 Nxb2 37. Nxh3 b5 38. Ke4 Nd1 39. Kd3 Nb2+ 40.
Ke2 Kg6 41. Nf2 Kf5 42. Nd3 Nxd3 43. Kxd3 Kg4 44. h4 1-0

[Event "III Trofeo Giovanni Pico"]
[Site "Mirandola ITA"]
[Date "2010.01.16"]
[Round "4"]
[White "Molinari, Enzo"]
[Black "Necesito, Donald"]
[Result "0-1"]
[WhiteElo "1440"]
[BlackElo "1440"]
[PlyCount "55"]
[EventDate "2010.01.15"]

1. d4 Nf6 2. Bf4 d6 3. c4 g6 4. Nc3 Bg7 5. e4 O-O 6. Be2 Nc6 7. Nf3 Ne8 8. O-O
Bg4 9. Rc1 Bxf3 10. Bxf3 Nxd4 11. Re1 Nxf3+ 12. Qxf3 Bxc3 13. Rxc3 e5 14. Bh6
Ng7 15. b3 f5 16. exf5 Rxf5 17. Qxb7 Rb8 18. Qd5+ Kh8 19. Ree3 Qf6 20. Rf3 g5
21. Bxg7+ Kxg7 22. Qe4 Rf4 23. Qc6 Rf8 24. Qxc7+ Rf7 25. Qc6 g4 26. Rxf4 Qxf4
27. Rc2 Qd4 28. h3 0-1

[Event "III Trofeo Giovanni Pico"]
[Site "Mirandola ITA"]
[Date "2010.01.16"]
[Round "4"]
[White "Paoli, Walter"]
[Black "Boni, Gianni"]
[Result "0-1"]
[WhiteElo "2063"]
[BlackElo "1830"]
[PlyCount "134"]
[EventDate "2010.01.15"]

1. e4 b6 2. d4 Bb7 3. Bd3 e6 4. Nf3 d6 5. Bf4 Nd7 6. Qe2 Ngf6 7. Nbd2 Be7 8.
O-O h6 9. Ba6 Bxa6 10. Qxa6 O-O 11. Qd3 c5 12. c3 Qc7 13. d5 Ne5 14. Bxe5 dxe5
15. dxe6 fxe6 16. Nc4 Nd7 17. Rad1 Rad8 18. Ncd2 Rfe8 19. c4 Nb8 20. Qe2 Nc6
21. Nb1 Rxd1 22. Rxd1 Nd4 23. Nxd4 exd4 24. Nd2 e5 25. Nf3 Qd6 26. Ne1 Rf8 27.
a4 Qg6 28. Nd3 Qe6 29. b3 Bg5 30. h3 Rf6 31. Qg4 Qxg4 32. hxg4 Re6 33. g3 Be7
34. Kg2 Bd6 35. Rh1 Rg6 36. f3 Re6 37. Rh5 g5 38. Rh1 Kf7 39. a5 Bc7 40. axb6
axb6 41. Ra1 Ke7 42. Ra8 Kd7 43. Ra7 Re8 44. b4 Kc6 45. bxc5 Rc8 46. cxb6 Kxb6
47. Ra4 Bd6 48. c5+ Bxc5 49. Nxe5 Kb5 50. Ra2 Bb4 51. f4 Re8 52. Kf3 gxf4 53.
gxf4 Rd8 54. Nd3 Kc4 55. Nxb4 Kxb4 56. e5 Kb3 57. Rd2 Kc3 58. Ke2 Rg8 59. Rd3+
Kc4 60. Rg3 Kd5 61. Kd3 Ra8 62. Kd2 Ke4 63. e6 Kxf4 64. Rd3 Ra2+ 65. Kd1 Ke4
66. Rd2 Ra1+ 67. Kc2 Kd5 0-1

[Event "III Trofeo Giovanni Pico"]
[Site "Mirandola ITA"]
[Date "2010.01.16"]
[Round "4"]
[White "Proietti, Tosca"]
[Black "Correggiari, Amedeo Luigi"]
[Result "1-0"]
[WhiteElo "1816"]
[BlackElo "1494"]
[PlyCount "55"]
[EventDate "2010.01.15"]

1. e4 d5 2. exd5 Qxd5 3. Nc3 Qa5 4. d4 Nf6 5. Bc4 Bf5 6. Bd2 c6 7. Nge2 e6 8.
Ne4 Qd8 9. N4g3 Be4 10. O-O Bd5 11. Bd3 c5 12. c3 Bd6 13. Bg5 h6 14. Bxf6 Qxf6
15. dxc5 Bf4 16. Qa4+ Bc6 17. Qxf4 Qxf4 18. Nxf4 g5 19. Nfh5 Nd7 20. b4 O-O 21.
c4 Rad8 22. Be4 f5 23. Bxc6 bxc6 24. f4 Kh7 25. Ne2 Kg6 26. Nhg3 h5 27. Nd4
Rfe8 28. Nxc6 1-0

[Event "III Trofeo Giovanni Pico"]
[Site "Mirandola ITA"]
[Date "2010.01.16"]
[Round "4"]
[White "Ricci, Alfredo"]
[Black "Luciani, Valerio"]
[Result "0-1"]
[WhiteElo "1967"]
[BlackElo "2200"]
[PlyCount "112"]
[EventDate "2010.01.15"]

1. d4 d5 2. c4 c6 3. Nf3 Nf6 4. e3 g6 5. Nc3 Bg7 6. Be2 O-O 7. O-O Nbd7 8. b3
dxc4 9. bxc4 Qc7 10. Qb3 b6 11. Rd1 Bb7 12. a4 e5 13. Ba3 Rfd8 14. Rac1 exd4
15. exd4 Bf8 16. Bb2 Rab8 17. Ne5 Bg7 18. f4 Nf8 19. Bf3 Ne6 20. Ne2 Nd7 21.
Qe3 Re8 22. Qf2 f6 23. Nd3 Rbd8 24. g3 Qb8 25. d5 cxd5 26. cxd5 Nec5 27. Nxc5
Nxc5 28. a5 Nb3 29. Rc3 Nxa5 30. f5 Bh6 31. fxg6 hxg6 32. Rcd3 Qd6 33. Bg4 Bc8
34. Be6+ Kh7 35. Qxf6 Rf8 36. Qe5 Ba6 37. Qxd6 Rxd6 38. Rc3 Nc4 39. Rc2 Nxb2
40. Rxb2 Be3+ 41. Kg2 Rf2+ 42. Kh3 Bxe2 43. Re1 Bg4+ 44. Kxg4 Rxb2 45. Rxe3 Rd2
46. h4 a5 47. Kf4 R2xd5 48. Bxd5 Rxd5 49. Re7+ Kh8 50. Re6 Rb5 51. Rxg6 a4 52.
Re6 a3 53. Re1 a2 54. Ra1 Rb2 55. Ke3 b5 56. Kd3 b4 0-1

[Event "III Trofeo Giovanni Pico"]
[Site "Mirandola ITA"]
[Date "2010.01.16"]
[Round "4"]
[White "Scali, Fausto"]
[Black "Buccella, Francescantonio"]
[Result "1/2-1/2"]
[WhiteElo "1965"]
[BlackElo "1614"]
[PlyCount "55"]
[EventDate "2010.01.15"]

1. e4 e6 2. d4 d5 3. Nd2 c5 4. Ngf3 Nc6 5. exd5 exd5 6. Be2 Nf6 7. O-O Bd6 8.
dxc5 Bxc5 9. Nb3 Bb6 10. c3 O-O 11. Qd3 Qd6 12. Nbd4 Nxd4 13. Nxd4 Re8 14. Bd1
Ng4 15. f4 Qh6 16. h3 Nf6 17. f5 Qh4 18. Bf4 Ne4 19. Bh2 Bd7 20. Bb3 Nc5 21.
Qd2 Nxb3 22. axb3 Re4 23. Rf4 Rxf4 24. Bxf4 Bxf5 25. Re1 Be4 26. Kh2 Bxd4 27.
cxd4 Rc8 28. Rc1 1/2-1/2

[Event "III Trofeo Giovanni Pico"]
[Site "Mirandola ITA"]
[Date "2010.01.16"]
[Round "4"]
[White "Sciortino, Massimo"]
[Black "Piccinini, Samuele"]
[Result "1-0"]
[WhiteElo "2181"]
[BlackElo "1900"]
[PlyCount "43"]
[EventDate "2010.01.15"]

1. e4 e6 2. d4 d5 3. Nc3 Bb4 4. e5 c5 5. Bd2 a6 6. Qg4 g6 7. dxc5 Bxc5 8. Nf3
Ne7 9. Bg5 Nd7 10. Bd3 Qc7 11. Qf4 Nc6 12. O-O O-O 13. Bh6 Re8 14. Rfe1 b5 15.
Ng5 Ndxe5 16. Qf6 Bf8 17. Bxf8 Rxf8 18. Nxh7 Nxd3 19. cxd3 Kxh7 20. Re3 e5 21.
Nxd5 Qb7 22. Re4 1-0

[Event "III Trofeo Giovanni Pico"]
[Site "Mirandola ITA"]
[Date "2010.01.16"]
[Round "4"]
[White "Setti, Roberto"]
[Black "Guzzetti, Luigi Enrico"]
[Result "1-0"]
[WhiteElo "1786"]
[BlackElo "1887"]
[PlyCount "137"]
[EventDate "2010.01.15"]

1. d4 Nf6 2. c4 g6 3. Nc3 Bg7 4. e4 d6 5. Be2 O-O 6. Nf3 c5 7. d5 Na6 8. O-O
Nc7 9. h3 a6 10. a4 Bd7 11. Re1 Rb8 12. Bf4 b5 13. axb5 axb5 14. cxb5 Nxb5 15.
e5 Nxc3 16. bxc3 Ne8 17. Qd2 dxe5 18. Bxe5 Nd6 19. Bxg7 Kxg7 20. Ne5 f6 21. Nd3
Ne4 22. Qe3 Nxc3 23. Bf3 Re8 24. Nxc5 Nb5 25. Reb1 Kg8 26. Be2 Kf8 27. Rb2 Ra8
28. Rxa8 Qxa8 29. Bxb5 Qa1+ 30. Kh2 Qxb2 31. Bxd7 Qe5+ 32. Qxe5 fxe5 33. f3 Ra8
34. Kg3 Kg7 35. Be6 Ra3 36. Kh2 Ra1 37. Nd7 Re1 38. Kg3 Re2 39. Nc5 Kf6 40.
Ne4+ Kg7 41. Bd7 h5 42. h4 Kh6 43. Ng5 Kg7 44. Bb5 Rb2 45. Bd3 Rd2 46. Be4 Kf6
47. Ne6 Rd1 48. Nf8 Rd2 49. Nd7+ Kg7 50. Nxe5 e6 51. dxe6 Kf6 52. e7 Kxe7 53.
Nxg6+ Kf6 54. Nf4 Rb2 55. Nxh5+ Kf7 56. Nf4 Kf6 57. Kg4 Rd2 58. g3 Rb2 59. h5
Kg7 60. Kg5 Rb5+ 61. Nd5 Ra5 62. h6+ Kh8 63. g4 Rc5 64. Kf5 Ra5 65. g5 Ra7 66.
g6 Rd7 67. Ne3 Rd8 68. g7+ Kg8 69. Bd5+ 1-0

[Event "III Trofeo Giovanni Pico"]
[Site "Mirandola ITA"]
[Date "2010.01.16"]
[Round "4"]
[White "Tazzioli, Luca"]
[Black "Zuccaro, Guido"]
[Result "0-1"]
[WhiteElo "1503"]
[BlackElo "1768"]
[PlyCount "60"]
[EventDate "2010.01.15"]

1. e4 e6 2. d4 d5 3. exd5 Nf6 4. Bb5+ c6 5. dxc6 Qa5+ 6. Nc3 bxc6 7. Bc4 Ne4 8.
Nge2 Bb4 9. Qd3 Nf6 10. a3 Bd6 11. O-O O-O 12. Ng3 Bb7 13. Bd2 Qc7 14. Nce2 h5
15. Bg5 Nbd7 16. Rfe1 c5 17. dxc5 Nxc5 18. Qe3 Ng4 19. Qd2 Ne4 20. Nxe4 Bxh2+
21. Kh1 Bxe4 22. Ng3 Bxg3 23. fxg3 Qxg3 24. Bf4 Nf2+ 25. Qxf2 Qxf2 26. Rg1 Qxf4
27. Rgf1 Qg3 28. Rf3 Bxf3 29. gxf3 Qh4+ 30. Kg2 Qxc4 0-1

[Event "III Trofeo Giovanni Pico"]
[Site "Mirandola ITA"]
[Date "2010.01.17"]
[Round "5"]
[White "Benedetti, Maurizio"]
[Black "Carbone, Lorenzo"]
[Result "0-1"]
[WhiteElo "1863"]
[BlackElo "1751"]
[PlyCount "84"]
[EventDate "2010.01.15"]

1. e4 c5 2. c3 d5 3. exd5 Qxd5 4. d4 cxd4 5. cxd4 Nc6 6. Nf3 Nf6 7. Nc3 Qd8 8.
Be2 Bf5 9. Qa4 Bd7 10. O-O e6 11. Re1 Be7 12. a3 O-O 13. Qc2 h6 14. Qd3 a6 15.
Bd1 b5 16. Bc2 b4 17. Ne4 Nxe4 18. Rxe4 f5 19. Re2 bxa3 20. bxa3 Bf6 21. Ne5
Nxe5 22. dxe5 Be7 23. Qg3 Kh7 24. Rd2 Qc7 25. Bd1 Bg5 26. Rc2 Qa5 27. f4 Be7
28. Be3 Rfd8 29. Qf2 Rdc8 30. Bf3 Rxc2 31. Qxc2 Rc8 32. Qd2 Qxd2 33. Bxd2 Rc2
34. Bb4 Bd8 35. Bb7 Bb6+ 36. Kf1 Bb5+ 37. Ke1 Re2+ 38. Kd1 Rxg2 39. Bd2 Rg1+
40. Be1 Ba5 41. Kc2 Rxe1 42. Rxe1 Bxe1 0-1

[Event "III Trofeo Giovanni Pico"]
[Site "Mirandola ITA"]
[Date "2010.01.17"]
[Round "5"]
[White "Boni, Gianni"]
[Black "Sciortino, Massimo"]
[Result "0-1"]
[WhiteElo "1830"]
[BlackElo "2181"]
[PlyCount "112"]
[EventDate "2010.01.15"]

1. b3 d6 2. Bb2 e5 3. e3 f5 4. f4 Nc6 5. Bb5 Bd7 6. Nf3 e4 7. Bxc6 bxc6 8. Ng1
Nf6 9. Nc3 Be7 10. Qe2 O-O 11. O-O-O a5 12. a4 Kh8 13. h3 Qe8 14. g3 Qf7 15.
Qg2 d5 16. Nge2 c5 17. d4 c4 18. Kd2 cxb3 19. cxb3 Rfb8 20. Nc1 c5 21. Ke1 cxd4
22. exd4 Bb4 23. Qe2 Rc8 24. N1a2 Qe7 25. Kf2 Rab8 26. Rc1 Bxc3 27. Rxc3 Rxc3
28. Nxc3 Rxb3 29. Rb1 Qb4 30. Nd1 Bxa4 31. Bc3 Qb6 32. Rxb3 Qxb3 33. Ke1 Qxd1+
34. Qxd1 Bxd1 35. Kxd1 Nh5 36. Bxa5 Nxg3 37. Bc7 Kg8 38. Ke1 Kf7 39. Kf2 Nh5
40. Ke3 Ke6 41. Bd8 Kd7 42. Bh4 Kc6 43. Be7 Kb5 44. Bd6 Kc4 45. Be5 Kc3 46. Ke2
Kc2 47. Bd6 Kc3 48. Be5 h6 49. h4 Nf6 50. Ke3 Ng4+ 51. Ke2 g6 52. Bg7 h5 53.
Be5 Nh2 54. Ke3 Nf3 55. Bf6 Ne1 56. Be5 Nc2+ 0-1

[Event "III Trofeo Giovanni Pico"]
[Site "Mirandola ITA"]
[Date "2010.01.17"]
[Round "5"]
[White "Buccella, Francescantonio"]
[Black "Cocuzzi, Edoardo"]
[Result "0-1"]
[WhiteElo "1614"]
[BlackElo "1990"]
[PlyCount "28"]
[EventDate "2010.01.15"]

1. e4 e5 2. Nf3 Nc6 3. Bc4 Bc5 4. O-O d6 5. d3 Bg4 6. Bxf7+ Kxf7 7. Ng5+ Qxg5
8. Bxg5 Bxd1 9. Rxd1 Nd4 10. Rd2 Nf6 11. c3 Ne6 12. Be3 Bxe3 13. fxe3 Raf8 14.
Na3 Ke7 0-1

[Event "III Trofeo Giovanni Pico"]
[Site "Mirandola ITA"]
[Date "2010.01.17"]
[Round "5"]
[White "Cartegni, Aldo"]
[Black "Tazzioli, Luca"]
[Result "0-1"]
[WhiteElo "1413"]
[BlackElo "1503"]
[PlyCount "56"]
[EventDate "2010.01.15"]

1. e4 d5 2. e5 Bf5 3. d4 e6 4. a3 c5 5. Bb5+ Nd7 6. c3 c4 7. f4 a6 8. Ba4 Ne7
9. Nf3 Bg4 10. Bc2 Ng6 11. O-O Nh4 12. Nbd2 Qb6 13. Qe1 Ng6 14. h3 Bxf3 15.
Nxf3 f6 16. Nh4 Nxh4 17. Qxh4 fxe5 18. Bg6+ hxg6 19. Qxh8 exd4 20. Qh4 dxc3+
21. Qf2 cxb2 22. Bxb2 Bc5 23. Bxg7 Bxf2+ 24. Rxf2 Kf7 25. Bc3 Nf6 26. Rd1 Ne4
27. Bd4 Qb3 28. Rb2 Qxd1+ 0-1

[Event "III Trofeo Giovanni Pico"]
[Site "Mirandola ITA"]
[Date "2010.01.17"]
[Round "5"]
[White "Correggiari, Amedeo Luigi"]
[Black "Soppelsa, Maurizio"]
[Result "0-1"]
[WhiteElo "1494"]
[BlackElo "1622"]
[PlyCount "34"]
[EventDate "2010.01.15"]

1. d4 d5 2. Nf3 Nf6 3. e3 e6 4. Bd3 c5 5. b3 Nc6 6. a3 Bd6 7. Bb2 Qe7 8. O-O
O-O 9. Nbd2 b6 10. Ne5 Bb7 11. f4 Nd7 12. Rf3 f6 13. Bxh7+ Kxh7 14. Rh3+ Kg8
15. Ng6 Qe8 16. Qh5 Kf7 17. Nxf8+ Kxf8 0-1

[Event "III Trofeo Giovanni Pico"]
[Site "Mirandola ITA"]
[Date "2010.01.17"]
[Round "5"]
[White "De Simone Sorrentino, Fabio"]
[Black "Proietti, Tosca"]
[Result "0-1"]
[WhiteElo "1714"]
[BlackElo "1816"]
[PlyCount "72"]
[EventDate "2010.01.15"]

1. e4 c5 2. Nf3 Nc6 3. Bb5 a6 4. Bxc6 bxc6 5. O-O d6 6. e5 g6 7. exd6 exd6 8.
Re1+ Be6 9. d3 h6 10. Bd2 Bg7 11. Bc3 Nf6 12. d4 c4 13. Na3 O-O 14. Nd2 d5 15.
f3 Qb6 16. b3 cxb3 17. Nxb3 Nd7 18. Kh1 Qc7 19. Bb4 Rfe8 20. Nc5 Nxc5 21. Bxc5
Rab8 22. c3 Qa5 23. Qc2 Bf8 24. Bxf8 Kxf8 25. Qc1 Kg7 26. Re3 c5 27. Nc2 Bf5
28. Ne1 Qb5 29. Kg1 Rxe3 30. Qxe3 Re8 31. Qf2 Re2 32. Qg3 cxd4 33. cxd4 Qb2 34.
Rd1 Qxa2 35. h4 Qb3 36. Rc1 Qe3+ 0-1

[Event "III Trofeo Giovanni Pico"]
[Site "Mirandola ITA"]
[Date "2010.01.17"]
[Round "5"]
[White "Di Trapani, Luigi"]
[Black "Molinari, Enzo"]
[Result "0-1"]
[WhiteElo "1525"]
[BlackElo "1440"]
[PlyCount "126"]
[EventDate "2010.01.15"]

1. d4 d5 2. Nf3 Bf5 3. e3 Nf6 4. Nbd2 e6 5. Nh4 Be4 6. Nxe4 Nxe4 7. Nf3 Bd6 8.
a3 Nd7 9. c4 c6 10. c5 Bc7 11. b4 a6 12. Bd3 Ndf6 13. h3 O-O 14. Bd2 Qb8 15. a4
e5 16. dxe5 Bxe5 17. Nxe5 Qxe5 18. O-O Rfe8 19. Qc2 Rad8 20. f4 Qe6 21. Bc3
Nxc3 22. Qxc3 Qxe3+ 23. Kh1 d4 24. Qb3 Nd5 25. Rae1 Qd2 26. Rxe8+ Rxe8 27. Bc4
Re1 28. Qg3 Rxf1+ 29. Bxf1 Qxb4 30. Qg4 g6 31. f5 Qe1 32. Qe2 Qxe2 33. Bxe2 Nc3
34. Bg4 Nxa4 35. fxg6 hxg6 36. Kg1 f5 37. Bd1 Nxc5 38. Kf2 Kf7 39. g4 Kf6 40.
h4 fxg4 41. Bxg4 a5 42. Ke2 b5 43. Kd2 Ke5 44. Kc2 d3+ 45. Kc3 b4+ 46. Kd2 Kd4
47. h5 gxh5 48. Bxh5 Ne4+ 49. Kc1 c5 50. Bd1 c4 51. Kb2 b3 52. Ka3 Kc3 53. Bf3
d2 54. Bxe4 d1=Q 55. Ka4 b2+ 56. Kxa5 Qb3 57. Bb1 Kd4 58. Ka6 Kc5 59. Ka7 Kc6
60. Be4+ Kc5 61. Bb1 Kc6 62. Be4+ Kc7 63. Bb1 Qa4# 0-1

[Event "III Trofeo Giovanni Pico"]
[Site "Mirandola ITA"]
[Date "2010.01.17"]
[Round "5"]
[White "Guanciale, Orazio"]
[Black "La Venia, Stefano"]
[Result "1-0"]
[WhiteElo "2167"]
[BlackElo "2056"]
[PlyCount "43"]
[EventDate "2010.01.15"]

1. e4 e6 2. d4 d5 3. Nc3 Nf6 4. Bg5 Be7 5. e5 Nfd7 6. h4 Bxg5 7. hxg5 Qxg5 8.
Qd3 h6 9. Nh3 Qe7 10. Nf4 g6 11. Qe3 a6 12. O-O-O Nc6 13. Nfxd5 exd5 14. Nxd5
Qd8 15. Rxh6 Rxh6 16. Qxh6 Nf8 17. Nf6+ Ke7 18. Qe3 Nb4 19. Qa3 c5 20. dxc5
Qxd1+ 21. Kxd1 Nc6 22. Nd5+ 1-0